书目信息 |
| 题名: |
排球运动
|
|
| 作者: | 刘文春 主编 | |
| 分册: | ||
| 出版信息: | 北京 高等教育出版社 2005.09 |
|
| 页数: | 195页 | |
| 开本: | 23cm | |
| 丛书名: | ||
| 单 册: | ||
| 中图分类: | G842-43 | |
| 科图分类: | ||
| 主题词: | 排球运动--pai qiu yun dong--基本知识--高等学校--教材 , 排球运动--pai qiu yun dong--关系--健康--高等学校--教材 | |
| 电子资源: | ||
| ISBN: | 7-04-018442-7 | |
| 000 | 01022nam0 2200265 450 | |
| 001 | 012006540397 | |
| 005 | 20060914110415.57 | |
| 010 | @a7-04-018442-7@dCNY15.80 | |
| 100 | @a20060725d2005 km y0chiy0120 ea | |
| 101 | 0 | @achi |
| 102 | @aCN@b110000 | |
| 105 | @aa a 000yy | |
| 200 | 1 | @a排球运动@Apai qiu yun dong@f刘文春主编@Fliu wen chun zhu bian |
| 210 | @a北京@c高等教育出版社@d2005.09 | |
| 215 | @a195页@c图@d23cm | |
| 300 | @a"高等教育进门精品课程教材建设"立项项目 经全国普通高等学校体育教学指导委员会审定 | |
| 320 | @a有书目 (第194-195页) | |
| 330 | @a本书包括体育与健康,排球锻炼与身体健康、心理健康、社会适应能力,排球运动的发展演变,排球锻炼的基本技术,排球的基本战术,排球竞赛组织工作、竞赛规则等。 | |
| 333 | @a普通高等学校教材 | |
| 606 | 0 | @a排球运动@Apai qiu yun dong@x基本知识@x高等学校@j教材 |
| 606 | 0 | @a排球运动@Apai qiu yun dong@x关系@x健康@x高等学校@j教材 |
| 690 | @aG842-43@v4 | |
| 701 | 0 | @a刘文春@Aliu wen chun@4主编 |
| 801 | 0 | @aCN@bQSSK@c20060914 |
| 905 | @a10447@dG842-43@eL680 | |
| 排球运动/刘文春主编.-北京:高等教育出版社,2005.09 |
| 195页:图;23cm |
| "高等教育进门精品课程教材建设"立项项目 经全国普通高等学校体育教学指导委员会审定.-使用对象:普通高等学校教材 |
| ISBN 7-04-018442-7:CNY15.80 |
| 本书包括体育与健康,排球锻炼与身体健康、心理健康、社会适应能力,排球运动的发展演变,排球锻炼的基本技术,排球的基本战术,排球竞赛组织工作、竞赛规则等。 |
| ● |
| 相关链接 |
|
|
|
正题名:排球运动
索取号:G842-43/L680
 
预约/预借
| 序号 | 登录号 | 条形码 | 馆藏地/架位号 | 状态 | 备注 |
| 1 | 597072 | 205970724 | 社科库409/409社科库 23排2列1层/ [索取号:G842-43/L680] | 在馆 | |
| 2 | 597073 | 205970733 | 社科库409/409社科库 23排2列1层/ [索取号:G842-43/L680] | 在馆 | |
| 3 | 597074 | 205970742 | 社科库409/409社科库 23排2列1层/ [索取号:G842-43/L680] | 在馆 |